Meaningful Texts: The extraction of Semantic information from monolingual and multilingual corpora

保存先:
書誌詳細
主要な著者: Barnbrook, Geoff (著者), Danielsson, Pernilla (著者)
その他の著者: Mahlberg, Michaela (autora)
フォーマット: 図書
言語:英語
出版事項: Londres Continuum 2006
主題:
タグ: タグ追加
タグなし, このレコードへの初めてのタグを付けませんか!

MARC

LEADER 00000nam a2200000 a 4500
001 UCH3545
003 CL-VaPUC
008 090806e20060000UK |||||||||||||||||eng|d
020 |a 0826491812 
082 0 4 |a 401.41  |b BAR  |2 21 
100 0 |a Barnbrook, Geoff  |e author  |9 538863 
700 0 |a Danielsson, Pernilla  |e author  |9 538864 
700 |a Mahlberg, Michaela  |e autora  |9 542325 
245 1 0 |a Meaningful Texts: The extraction of Semantic information from monolingual and multilingual corpora 
300 |a 230 p 
942 |c BK 
945 |d 20090806 00:00:00  |a dcastane 
260 |a Londres  |b Continuum  |c 2006 
650 0 |a Lingüística  |9 265068 
650 0 |a Corpus lingüístico  |9 483834 
650 0 |a Semántica  |9 265318 
650 0 |a Gramática  |9 270497 
650 0 |a Semiótica  |9 265317 
583 |a last modification  |c 20090806 00:00:00  |k Rodrigo Vera 
999 |c 335028  |d 335026 
952 |0 0  |1 0  |4 0  |6 401_410000000000000_BAR_2006  |7 0  |8 A  |9 424529  |a FDOPOS  |b FDOPOS  |d 2019-11-22  |i 4583310  |o 401.41 BAR 2006  |p 4583310  |r 2025-01-22  |w 2019-11-22  |y BK  |k DLA